| 000 | 00507nam a2200181Ia 4500 | ||
|---|---|---|---|
| 005 | 20250508162813.0 | ||
| 008 | 008 250505s9999 xx 000 0 hin d | ||
| 037 | _aTextual | ||
| 040 |
_aFEDL _beng _cFEDL |
||
| 041 |
_ahin _2eng |
||
| 084 |
_a294.5, UPA _qFEDL |
||
| 100 |
_aUpadhyay Puranchand _9774081 |
||
| 245 | 0 | _aVedic sanskriti ka vishav kosh | |
| 260 |
_aDelhi, India _bArya Prakashan Mandal _c1991 |
||
| 300 | _a203p. | ||
| 942 |
_cTEXL _h294.5, UPA |
||
| 999 |
_c1378770 _d1378770 |
||